The Other Side - Ruelle - All Lyrics - Statistics

General Stats
  • This quiz has been taken 14 times
    10 since last reset
  • The average score is 129 of 249
Answer Stats
Answer % Correct
I
80%
(I
80%
the
80%
The
80%
want
80%
you
80%
a
60%
are
60%
don't
60%
Don't
60%
each
60%
hard
60%
here
60%
in
60%
it
60%
It
60%
It's
60%
it's
60%
just
60%
know
60%
know)
60%
live
60%
my
60%
of
60%
ooh
60%
other
60%
side
60%
that
60%
to
60%
too
60%
we
60%
We
60%
who
60%
without
60%
and
40%
And
40%
broken
40%
can't
40%
Can't
40%
ever
40%
leave
40%
like
40%
part
40%
piece?
40%
recover
40%
what
40%
Will
40%
world
40%
away
20%
buried
20%
deep
20%
dreams
20%
go
20%
go?
20%
hurts
20%
Is
20%
is
20%
knee
20%
Let
20%
let
20%
lose
20%
lovers
20%
me
20%
myself
20%
one
20%
or
20%
plea
20%
same,
20%
see
20%
tear
20%
all
0%
choose
0%
coming?
0%
Did
0%
fair,
0%
fate?
0%
feelings,
0%
knows
0%
No
0%
Save
0%
soul
0%
stars
0%
their
0%
unleash
0%
No matching quizzes found
Score Distribution
Percent of People with Each Score
Percentile by Number Answered
Your Score History
You have not taken this quiz since the last reset